| 000 | 00678 a2200205 4500 | ||
|---|---|---|---|
| 001 | 60948 | ||
| 005 | 20260407155859.0 | ||
| 008 | 260407a1988 arg spa d | ||
| 003 | AR-UNSa-BCEJYS | ||
| 040 |
_aAR-UNSa-BCEJYS _bspa _cAR-UNSa-BCEJYS |
||
| 080 |
_a352 _xNiveles inferiores de la administración. Gobierno local. Administración municipal. Autoridades locales |
||
| 245 | 1 | 0 | _aLa Fe pública local |
| 020 | _a978-84-7088-474-0 | ||
| 264 | 1 |
_aMadrid : _bInstituto Nacional de Administración Pública (INAP) _c1988 |
|
| 300 |
_a164 p. _c23 cm. |
||
| 041 | _aspa | ||
| 942 | _cBK | ||
| 590 | _aniveau_biblio:m niveau_hierar:0 | ||
| 100 | 1 | _aCastelao Rodríguez, Julio | |
| 999 |
_c7138 _d7138 |
||